Búsqueda de cohesión social y sostenibilidad fiscal en los procesos de descentralización /

Pese a que los procesos de descentralización desarrollados durante las últimas décadas alcanzaron a casi todos los países latinoamericanos, han tenido características y alcances muy diversos. Más allá de sus objetivos explícitos, todos ellos han generado importantes efectos sobre la cohesión social...

Description complète

Enregistré dans:
Détails bibliographiques
Auteur principal: Cetrángolo, Oscar
Format: Texte
Collection:SERIE POLITICAS SOCIALES CEPAL
Sujets:
Tags: Ajouter un tag
Pas de tags, Soyez le premier à ajouter un tag!

MARC

LEADER 00000 a a2200000 04500
001 48064
003
040
090 |a REV1291 (131) 2007  
100 |a Cetrángolo, Oscar  
245 |a Búsqueda de cohesión social y sostenibilidad fiscal en los procesos de descentralización /  |c Oscar Cetrángolo 
440 |a SERIE POLITICAS SOCIALES   |a CEPAL  
520 |a Pese a que los procesos de descentralización desarrollados durante las últimas décadas alcanzaron a casi todos los países latinoamericanos, han tenido características y alcances muy diversos. Más allá de sus objetivos explícitos, todos ellos han generado importantes efectos sobre la cohesión social y las cuentas públicas. El documento intenta resaltar una serie de rasgos particulares de la descentralización en América Latina, entre los que sobrepasan la elevada desigualdad distributiva, el alto grado de urbanización, la diversidad territorial hacia el interior de los países como consecuencia de procesos de desarrollo altamente desequilibrados y los límites a las políticas públicas impuestos por los reducidos niveles de presión tributaria.  
650 |a DESCENTRALIZACION  
650 |a COHESION SOCIAL  
650 |a SISTEMAS TRIBUTARIOS  
650 |a INTEGRACION SOCIAL  
650 |a ANALISIS COMPARATIVO  
650 |a DESIGUALDAD SOCIAL  
650 |a POLITICA GUBERNAMENTAL  
650 |a GOBIERNO LOCAL  
650 |a AMERICA LATINA  
650 |a TRIBUTACION  
773 |g número131, (2007), página55.  
999 |c 29908  |d 29908